Statistics for Math Terms Quiz 1

Click here to take the quiz!

General Stats

  • This quiz has been taken 21 times
  • The average score is 7 of 15

Answer Stats

HintAnswer% Correct
Relating to the middle value of an ordered set of valuesmedian
89%
Branch of mathematics in which letters and other symbols can be used to represent numbersALGEBRA
83%
Any natural number or its negative, or zerointeger
78%
Unit of measurement for anglesdegree
72%
A measure of how likely it is that some event will occurprobability
72%
A four-sided polygonquadrilateral
61%
Ratio of a circle's circumference to its diameterpi
56%
Result of dividing one number by anotherQuotient
50%
A value that does not changeConstant
44%
Pair of numbers indicating a point on a graphcoordinates
33%
A letter used to represent a numerical value in equations and expressionsVariable
33%
Relationship between two things when it is expressed in numbers or amountsratio
28%
Oldest and most basic branch of mathematics, dealing with numbers and their basic operations: addition, subtraction, multiplication, and divisionARITHMETIC
11%
Mathematical relationship or rule expressed in symbolsFormula
6%
he power to which a base must be raised to produce a given numberLogarithm
6%

Score Distribution

Percentile by Number Answered

Percent of People with Each Score

Your Score History

You have not taken this quiz